Responses for Show #3387 - Tuesday, May 4, 1999

1999 College Championship quarterfinal game 2.
From the Rosemont Theatre in Rosemont, Illinois.

Contestants

[<< previous game]

Aaron Johnson, a junior at Rowan University from Brick, New Jersey

Katie King, a junior at the University of Kentucky from Charleston, West Virginia

Paul Marchegiani, a senior at Northwestern University from Evanston, Illinois

[next game >>]

Jeopardy! Round responses

PRESIDENTIAL PORTRAITS
SO YOU WANT TO BE A BALLET DANCER
IT'S A LEAP
IMPERSONATORS
CLIFFS NOTES
(Alex: About great works of literature.)
THEY'RE "OFF"
    $100 2
Andrew Jackson

Katie
    $100 11
Bar

Paul
    $100 24
2000

Katie
    $100 3
Elvis Presley

Triple Stumper
    $100 1
"The Grapes of Wrath"

Aaron
    $100 23
(minute to go...)

Blast off/liftoff

Aaron
    $200 10
Ulysses S. Grant

Paul
    $200 12
"The Nutcracker"

Aaron
    $200 6
Kangaroos

Paul
    $200 13
Whoopi Goldberg

Katie
    $200 7
"Walden"

Paul
    $200 22
Kickoff

Aaron
    $300 26
Chester A. Arthur

Triple Stumper
    $300 17
Bow/curtsey

Triple Stumper
    $300 9
(K: What is the USSR?)

China

Katie
Triple Stumper
    $300 16
Harpo Marx

Paul
    $500 4
(K: I don't know.)

"Dr. Jekyll and Mr. Hyde"

Katie
    $300 20
Spin-off

Katie
    $400 27
Grover Cleveland

Katie
    $400 14
Corps

Katie
    $400 15
Faith

Aaron
    $400 29
Michael Dukakis

Aaron
    $400 5
"Lord of the Flies"

Aaron
    $400 19
Shove off

Katie
    $500 30
James Madison (at 5' 4")

Triple Stumper
    $500 18
Arms

Katie
    $500 25
Thomas Hobbes

Paul
    $500 28
Lance Ito

Katie
    $500 8
"All Quiet on the Western Front"

Katie
    $500 21
Tee off

Aaron

Scores at the first commercial break (after clue 13):

Paul Katie Aaron
$700 $0 $700

Scores at the end of the Jeopardy! Round:

Paul Katie Aaron
$1,500 $2,600 $2,300

Double Jeopardy! Round responses

THE WINNING SIDE
(Alex: You have to identify the nation or state.)
CINEMATIC CHICAGO
ROMANIA MANIA
MEDIEVAL TECHNOLOGY
ROCKET SCIENCE
10-LETTER WORDS
    $200 15
Greeks/Athens

Katie
    $200 1
The Blues Brothers

Paul
    $200 24
Rome

Paul
    $200 7
Turbulence

Katie
    $400 16
Confederacy

Katie
    $400 2
(Katie: What is The French Connection?)

The Sting

KatieAaron
    $400 5
Sunflower

Paul
    $400 27
Crank

Triple Stumper
    $400 28
(buzzer sounds)

Booster

Paul
    $400 12
Evangelist

Katie
    $600 17
Texas

Katie
    $600 3
Risky Business

Triple Stumper
    $600 6
Transylvania

Aaron
    $600 22
(K: What is a time machine?)

Perpetual motion machine

Katie
Triple Stumper
    $600 8
Patriot missiles

Katie
    $600 13
Journeyman

Paul
    $1,200 18
(K: Who were the French?)

British

Katie
    $800 4
Backdraft

Katie
    $800 25
Tennis

Katie
    $1,000 20
Windmill

Katie
    $800 9
Intercontinental ballistic missile

Paul
    $800 14
Accidental

Aaron
    $1000 19
(K: Who was Napoleon?)

France

Katie
Triple Stumper
    $1000 10
Candyman

Katie
    $1000 26
Bulgaria

Katie
    $1000 21
(and about a minute to go, Katie...)

Horseshoes

Triple Stumper
    $1000 11
(K: Who is von Braun?)

Robert Goddard

Katie
Triple Stumper
    $1000 23
Laceration

Aaron

Scores at the end of the Double Jeopardy! Round:

Paul Katie Aaron
$4,100 $5,400 $5,100

Final Jeopardy! Round responses

HISTORIC GEOGRAPHY
[NOTE: Paul had a technical glitch with his light pen, so he wrote his response on a card.]
PaulWhat is Mesopotamia?
$3,500
AaronWhat is?
$5,000
KatieWhat is the fertile crescent?
$1,600
the Fertile Crescent

Final scores:

Paul Katie Aaron
$600 $7,000 $100
2nd place: $2,500 if eliminated Automatic semifinalist 3rd place: $2,500 if eliminated

Game dynamics:

Coryat scores:

Paul Katie Aaron
$4,100 $6,900 $5,100
12 R,
0 W
21 R
(including 1 DD),
7 W
(including 2 DDs)
12 R,
0 W

Combined Coryat: $16,100

[game clues] [game scores] [suggest correction]

Game tape date: Unknown
The J! Archive is created by fans, for fans. Scraping, republication, monetization, and malicious use prohibited; this site may use cookies and collect identifying information. See terms. The Jeopardy! game show and all elements thereof, including but not limited to copyright and trademark thereto, are the property of Jeopardy Productions, Inc. and are protected under law. This website is not affiliated with, sponsored by, or operated by Jeopardy Productions, Inc. Join the discussion at JBoard.tv.